000 00696nam a2200289Ia 4500
005 20260324131122.0
008 008 260324s9999 xx 000 0 eng d
020 _a9780203725924
037 _aEBOOK
040 _aCRL
040 _beng
040 _cCRL
041 _2eng
041 _aeng
084 _qCRL
100 _aJanet Amalia Weinberg
_91184289
245 0 _aStill Going Strong
245 0 _bMemoirs, Stories, and Poems About Great Older Women
260 _bTaylor and Francis
260 _c2006
365 _a
365 _b220
856 _uhttp://www.taylorfrancis.com/books/9780203725924
942 _cEBOOK
999 _c1781176
_d1781176